[Event "Mittelfrank Regionalliga Nord-Ost 2223"]
[Site "Mittelfranken"]
[Date "2022.10.09"]
[Round "1.7"]
[White "Zuehlke, Burkhard"]
[Black "Hanusch, Martin"]
[Result "1/2-1/2"]
[WhiteElo "1917"]
[BlackElo "1636"]
[PlyCount "60"]
[EventDate "2022.10.09"]
[EventType "team-tourn"]
[EventRounds "9"]
[EventCountry "GER"]
[SourceTitle "EXT 2024"]
[Source "ChessBase"]
[SourceDate "2023.10.10"]
[SourceVersion "1"]
[SourceVersionDate "2023.10.10"]
[SourceQuality "1"]
[WhiteTeam "Fuerth SG"]
[BlackTeam "Heng Postbauer"]
[WhiteTeamCountry "GER"]
[BlackTeamCountry "GER"]

1. d4 c6 2. c4 b5 3. cxb5 cxb5 4. Nf3 Bb7 5. e3 a6 6. Be2 Nf6 7. Nbd2 e6 8. a4 bxa4 9. Qxa4 Bc6 10. Qc2 Bb4 11. 0-0 0-0 12. Ne5 Bb7 13. Nd3 Bxd2 14. Bxd2 d6 15. Rfc1 Nc6 16. Bf3 d5 17. Nc5 Bc8 18. Qa4 Nb8 19. b4 Bd7 20. Nxd7 Nbxd7 21. Be2 Ne4 22. Be1 Nb6 23. Qb3 Nd6 24. Bxa6 Nbc4 25. Bxc4 Rxa1 26. Rxa1 Nxc4 27. b5 Qb6 28. Qb4 Rb8 29. Qc5 h5 30. Qxb6 Rxb6 1/2-1/2

[Event "Rhein Main op-A 21st"]
[Site "Bad Homburg"]
[Date "2018.06.01"]
[Round "4"]
[White "Zuehlke, Burkhard"]
[Black "Rabiya, Karim"]
[Result "1-0"]
[WhiteElo "2021"]
[BlackElo "1771"]
[PlyCount "59"]
[EventDate "2018.05.30"]
[EventType "swiss"]
[EventRounds "7"]
[EventCountry "GER"]
[SourceTitle "EXT 2019"]
[Source "ChessBase"]
[SourceDate "2018.10.10"]
[SourceVersion "1"]
[SourceVersionDate "2018.10.10"]
[SourceQuality "1"]

1. d4 Nf6 2. c4 c5 3. d5 b5 4. cxb5 a6 5. bxa6 Bxa6 6. Nc3 d6 7. Nf3 g6 8. g3 Bg7 9. Bg2 0-0 10. 0-0 Nbd7 11. Qc2 Qb6 12. Rd1 Rfb8 13. Rb1 h6 14. b3 Ng4 15. h3 Bxc3 16. Qxc3 Ngf6 17. Qc2 Qb5 18. Bf1 c4 19. e4 Qb4 20. Nd4 c3 21. a3 Qb6 22. Be3 Nc5 23. Nc6 Rb7 24. b4 Bxf1 25. Rxf1 Rxa3 26. bxc5 Qa6 27. Rxb7 Qxb7 28. Rb1 Qa6 29. cxd6 exd6 30. Bd4 1-0

[Event "Rhein Main op-A 21st"]
[Site "Bad Homburg"]
[Date "2018.05.31"]
[Round "2"]
[White "Zuehlke, Burkhard"]
[Black "Marchese, Gaspare"]
[Result "1/2-1/2"]
[WhiteElo "2021"]
[BlackElo "1905"]
[PlyCount "44"]
[EventDate "2018.05.30"]
[EventType "swiss"]
[EventRounds "7"]
[EventCountry "GER"]
[SourceTitle "EXT 2019"]
[Source "ChessBase"]
[SourceDate "2018.10.10"]
[SourceVersion "1"]
[SourceVersionDate "2018.10.10"]
[SourceQuality "1"]

1. d4 d5 2. Nf3 Nf6 3. e3 Bf5 4. c4 e6 5. Qb3 Nc6 6. Bd2 Rb8 7. Be2 dxc4 8. Qxc4 Bd6 9. 0-0 0-0 10. Rd1 Be4 11. Nc3 Bc2 12. Rdc1 Na5 13. Qb5 c6 14. Qg5 Bg6 15. e4 Be7 16. Qe3 b5 17. Ne5 Qb6 18. Nxg6 hxg6 19. e5 Nd5 20. Nxd5 cxd5 21. Qc3 Nc4 22. b3 Nxd2 1/2-1/2

[Event "Rhein Main op-A 21st"]
[Site "Bad Homburg"]
[Date "2018.05.30"]
[Round "1"]
[White "Zhigalko, Andrey"]
[Black "Zuehlke, Burkhard"]
[Result "1-0"]
[WhiteElo "2562"]
[BlackElo "2021"]
[PlyCount "87"]
[EventDate "2018.05.30"]
[EventType "swiss"]
[EventRounds "7"]
[EventCountry "GER"]
[SourceTitle "EXT 2019"]
[Source "ChessBase"]
[SourceDate "2018.10.10"]
[SourceVersion "1"]
[SourceVersionDate "2018.10.10"]
[SourceQuality "1"]

1. d4 Nf6 2. c4 g6 3. Nc3 Bg7 4. e4 d6 5. Bg5 h6 6. Be3 0-0 7. f3 e5 8. Nge2 Nbd7 9. Qd2 a6 10. d5 Qe7 11. g4 Ne8 12. h4 Kh7 13. Ng3 b6 14. Bd3 Nc5 15. Bc2 Bd7 16. b4 Nb7 17. Kf2 Rh8 18. a3 Kg8 19. Kg2 Nd8 20. Ba4 Bxa4 21. Nxa4 Qd7 22. Nc3 Nb7 23. Rac1 Qe7 24. Nd1 Kh7 25. Nf2 Rd8 26. Nd3 Rb8 27. Rc2 Rf8 28. h5 g5 29. Nf5 Qd8 30. Rhc1 Bf6 31. c5 dxc5 32. bxc5 b5 33. Nb4 Ra8 34. Nc6 Qc8 35. Qc3 Ng7 36. Nxg7 Kxg7 37. Nxe5 Re8 38. Bd4 Nxc5 39. Qxc5 Bxe5 40. Bxe5+ Rxe5 41. Qd4 Qe8 42. Rxc7 Kg8 43. R1c6 Kh7 44. Rf6 1-0

[Event "Landesliga Nord 1617"]
[Site "Bayern"]
[Date "2016.12.04"]
[Round "3.7"]
[White "Zuehlke, Burkhard"]
[Black "Redzepovic, Irfan"]
[Result "0-1"]
[WhiteElo "1912"]
[BlackElo "2015"]
[PlyCount "96"]
[EventDate "2016.10.16"]
[EventType "team-tourn"]
[EventRounds "9"]
[EventCountry "GER"]
[SourceTitle "EXT 2019"]
[Source "ChessBase"]
[SourceDate "2018.10.10"]
[SourceVersion "1"]
[SourceVersionDate "2018.10.10"]
[SourceQuality "1"]
[WhiteTeam "Zirndorf"]
[BlackTeam "Nuernberg Sued SW"]
[WhiteTeamCountry "GER"]
[BlackTeamCountry "GER"]

1. d4 Nf6 2. c4 e6 3. Nc3 Bb4 4. Qc2 c5 5. dxc5 Bxc5 6. Nf3 Nc6 7. Bg5 h6 8. Bh4 Be7 9. e4 Qa5 10. Rd1 0-0 11. Be2 Rd8 12. 0-0 d6 13. Nd4 a6 14. Kh1 Bd7 15. Nb3 Qc7 16. f4 Rac8 17. Qd3 Be8 18. Bf2 Nb4 19. Qg3 b5 20. cxb5 axb5 21. a3 Na6 22. e5 dxe5 23. fxe5 Nd5 24. Nxd5 exd5 25. Nd4 Bf8 26. Be3 Nc5 27. Qh4 Qb7 28. Bg4 Rb8 29. e6 Bd6 30. Rc1 Ne4 31. exf7+ Bxf7 32. Qh3 Re8 33. Ne6 Qe7 34. Nd4 Ng3+ 35. hxg3 Qxe3 36. Nf5 Qb6 37. Rf3 Be5 38. b4 d4 39. Qh4 Bf6 40. Qh2 Rbd8 41. Bh5 Qe6 42. Qh3 Kh7 43. Bxf7 Qxf7 44. Rd3 Re4 45. Rf1 Qg6 46. Rf4 Re1+ 47. Kh2 Rc8 48. g4 Be5 0-1

[Event "Landesliga Nord 1617"]
[Site "Bayern"]
[Date "2016.11.20"]
[Round "2.7"]
[White "Muehlbayer, Kevin"]
[Black "Zuehlke, Burkhard"]
[Result "0-1"]
[WhiteElo "2012"]
[BlackElo "1912"]
[PlyCount "116"]
[EventDate "2016.10.16"]
[EventType "team-tourn"]
[EventRounds "9"]
[EventCountry "GER"]
[SourceTitle "EXT 2019"]
[Source "ChessBase"]
[SourceDate "2018.10.10"]
[SourceVersion "1"]
[SourceVersionDate "2018.10.10"]
[SourceQuality "1"]
[WhiteTeam "Bindlach Aktionaer II"]
[BlackTeam "Zirndorf"]
[WhiteTeamCountry "GER"]
[BlackTeamCountry "GER"]

1. c4 Nf6 2. Nc3 g6 3. e4 d6 4. d4 Bg7 5. f4 0-0 6. Nf3 Na6 7. Be2 e5 8. dxe5 dxe5 9. Qxd8 Rxd8 10. fxe5 Ng4 11. 0-0 Nxe5 12. Bf4 Nxf3+ 13. gxf3 Bh3 14. Rfd1 Bd4+ 15. Kh1 c6 16. Rd2 Bb6 17. Rad1 Rxd2 18. Rxd2 Rd8 19. Rxd8+ Bxd8 20. e5 Bf5 21. Kg2 Bc7 22. Bg3 Nc5 23. f4 Ba5 24. a3 Ne6 25. b4 Bd8 26. c5 g5 27. fxg5 Bxg5 28. Bc4 Bc1 29. a4 Ba3 30. Na2 a5 31. bxa5 Nxc5 32. Bh4 Nxa4 33. Bd8 Bb2 34. Bc7 Nc5 35. Bd6 Nd7 36. a6 bxa6 37. Bxa6 Nxe5 38. Nb4 Be4+ 39. Kg3 f5 40. Bb7 Kf7 41. Na6 Nd3 42. Bc8 Kf6 43. Bd7 Be5+ 44. Bxe5+ Kxe5 45. Kh4 f4 46. Bh3 c5 47. Nc7 c4 48. Nb5 Ne1 49. Bg4 Nf3+ 50. Kh3 Nd2 51. Bd1 Nb1 52. Kg4 c3 53. Nxc3 Nxc3 54. Bb3 Nd5 55. h4 Ne3+ 56. Kh3 f3 57. Kg3 Nf5+ 58. Kg4 f2 0-1

[Event "Landesliga Nord 1617"]
[Site "Bayern"]
[Date "2016.10.16"]
[Round "1.7"]
[White "Zuehlke, Burkhard"]
[Black "Kuespert, Helmut"]
[Result "0-1"]
[WhiteElo "1912"]
[BlackElo "1910"]
[PlyCount "92"]
[EventDate "2016.10.16"]
[EventType "team-tourn"]
[EventRounds "9"]
[EventCountry "GER"]
[SourceTitle "EXT 2019"]
[Source "ChessBase"]
[SourceDate "2018.10.10"]
[SourceVersion "1"]
[SourceVersionDate "2018.10.10"]
[SourceQuality "1"]
[WhiteTeam "Zirndorf"]
[BlackTeam "Marktleuthen"]
[WhiteTeamCountry "GER"]
[BlackTeamCountry "GER"]

1. d4 Nf6 2. c4 c5 3. d5 b5 4. cxb5 a6 5. bxa6 Bxa6 6. Nc3 d6 7. g3 g6 8. Bg2 Bg7 9. Nf3 Nbd7 10. 0-0 0-0 11. Qc2 Qa5 12. Bd2 Rfb8 13. Rfd1 Ra7 14. Rab1 Qc7 15. b3 Ne8 16. a4 Rab7 17. Bf1 Ne5 18. Nxe5 Bxe5 19. e3 Bxf1 20. Rxf1 Qd7 21. Kg2 Nc7 22. e4 Bg7 23. Nd1 e6 24. Ne3 exd5 25. exd5 Bd4 26. Qc4 Qe7 27. Rfe1 Qd7 28. h3 h5 29. Qd3 Bg7 30. Nc4 Na6 31. Bf4 Bf8 32. Re3 Nb4 33. Qd1 Rd8 34. Bg5 Re8 35. Rxe8 Qxe8 36. Qf3 Nc2 37. Qd3 Ne1+ 38. Rxe1 Qxe1 39. Bd2 Qd1 40. Na5 Rb8 41. Qe3 Qc2 42. g4 hxg4 43. hxg4 Qd1 44. f3 Bg7 45. Qe1 Qc2 46. Nc6 Rxb3 0-1

[Event "Vienna op"]
[Site "Vienna"]
[Date "2015.08.15"]
[Round "1"]
[White "Kindermann, Stefan"]
[Black "Zuehlke, Burkhard"]
[Result "1-0"]
[WhiteElo "2507"]
[BlackElo "2072"]
[PlyCount "75"]
[EventDate "2015.08.15"]
[EventType "swiss"]
[EventRounds "9"]
[EventCountry "AUT"]
[SourceTitle "EXT 2016"]
[Source "ChessBase"]
[SourceDate "2015.10.08"]
[SourceVersion "1"]
[SourceVersionDate "2015.10.08"]
[SourceQuality "1"]

1. e4 d6 2. d4 Nf6 3. Nc3 g6 4. Be3 c6 5. Qd2 b5 6. Bd3 Nbd7 7. Nf3 Bb7 8. 0-0 e5 9. dxe5 dxe5 10. a4 a6 11. h3 Bg7 12. Ne2 0-0 13. Ng3 Qe7 14. c4 b4 15. c5 a5 16. Qc2 Ne8 17. Ne2 Nc7 18. Nc1 Ne6 19. Nb3 Kh8 20. Rad1 Rfd8 21. Be2 Bf8 22. Rc1 Qf6 23. Kh2 Be7 24. Rfd1 Qg7 25. Bc4 Ndf8 26. Bf1 Rxd1 27. Rxd1 Bd8 28. Nfd2 Bc7 29. Kg1 f6 30. Nc4 Qe7 31. Nb6 Bxb6 32. cxb6 Nd7 33. Qd2 Ndf8 34. Bc4 c5 35. Qd6 Qxd6 36. Rxd6 Nd4 37. Nxc5 Bxe4 38. Nxe4 1-0

[Event "Regionalliga NO 1415"]
[Site "Bayern"]
[Date "2015.03.15"]
[Round "8.5"]
[White "Stoeckl, Stephan"]
[Black "Zuehlke, Burkhard"]
[Result "1/2-1/2"]
[WhiteElo "2061"]
[BlackElo "1957"]
[PlyCount "98"]
[EventDate "2014.10.19"]
[EventType "team-tourn"]
[EventRounds "9"]
[EventCountry "GER"]
[SourceTitle "EXT 2018"]
[Source "ChessBase"]
[SourceDate "2017.10.13"]
[SourceVersion "1"]
[SourceVersionDate "2017.10.13"]
[SourceQuality "1"]
[WhiteTeam "Schwandorf"]
[BlackTeam "Zirndorf"]
[WhiteTeamCountry "GER"]
[BlackTeamCountry "GER"]

1. Nf3 Nf6 2. c4 g6 3. b3 Bg7 4. Bb2 d6 5. g3 0-0 6. Bg2 e5 7. d3 c6 8. 0-0 h6 9. Qc2 Re8 10. Nc3 d5 11. cxd5 cxd5 12. Rac1 Nc6 13. e3 Be6 14. Na4 Nd7 15. Rfd1 Rc8 16. Qb1 Qa5 17. Bc3 Qa6 18. d4 b5 19. Nc5 Nxc5 20. dxc5 b4 21. Bb2 Qb7 22. Qa1 Qc7 23. Ne1 Rcd8 24. Nc2 a5 25. f4 f6 26. Rd2 Qa7 27. Ne1 Kh7 28. Nd3 Bf5 29. Nf2 Be6 30. h3 Bf7 31. Kh2 Bg8 32. Qb1 f5 33. Qc2 e4 34. Nd1 d4 35. Qb1 d3 36. Bxg7 Qxg7 37. Nb2 Qe7 38. Rdd1 Rd5 39. Nxd3 Red8 40. Nf2 Rxc5 41. Rxd8 Nxd8 42. Bf1 Qc7 43. Rxc5 Qxc5 44. Nd1 Nc6 45. Qb2 Ne7 46. Qd2 Be6 47. Kg2 h5 48. Kf2 Kg7 49. Nb2 Qd5 1/2-1/2

[Event "Pyramiden Franken Cup"]
[Site "Fuerth"]
[Date "2014.09.07"]
[Round "7"]
[White "Bitter, Frank"]
[Black "Zuehlke, Burkhard"]
[Result "0-1"]
[WhiteElo "1861"]
[BlackElo "2086"]
[PlyCount "86"]
[EventDate "2014.09.04"]
[EventType "swiss"]
[EventRounds "7"]
[EventCountry "GER"]
[SourceTitle "CBM 162 Extra"]
[Source "ChessBase"]
[SourceDate "2014.10.17"]
[SourceVersion "1"]
[SourceVersionDate "2014.10.17"]
[SourceQuality "1"]

1. d4 Nf6 2. c4 g6 3. Nc3 Bg7 4. e4 d6 5. g3 0-0 6. Bg2 a6 7. Nge2 Nbd7 8. 0-0 c5 9. dxc5 Nxc5 10. Rb1 Rb8 11. b4 Ncd7 12. Ba3 b6 13. Nd5 Ne5 14. Qb3 Nxd5 15. cxd5 b5 16. Bb2 Bd7 17. Rbc1 Nc4 18. Bxg7 Kxg7 19. Qc3+ Kg8 20. Nf4 Qb6 21. Rfd1 Rbc8 22. Qb3 Rc7 23. Rc3 Rfc8 24. Rdc1 Qd4 25. Ne2 Qb6 26. h3 a5 27. bxa5 Qxa5 28. Qd1 b4 29. R3c2 Ba4 30. Nd4 Bxc2 31. Rxc2 Ne5 32. Rxc7 Rxc7 33. f4 Qa3 34. Kh2 Rc1 35. Qe2 Nc4 36. e5 Qe3 37. Qxe3 Nxe3 38. Bf3 Ra1 39. Nc6 Rxa2+ 40. Kg1 b3 41. Nxe7+ Kf8 42. exd6 Ke8 43. Nc6 f5 0-1

[Event "Pyramiden Franken Cup"]
[Site "Fuerth"]
[Date "2014.09.05"]
[Round "2"]
[White "Zuehlke, Burkhard"]
[Black "Hacker, Jonas"]
[Result "0-1"]
[WhiteElo "2086"]
[BlackElo "2242"]
[PlyCount "130"]
[EventDate "2014.09.04"]
[EventType "swiss"]
[EventRounds "7"]
[EventCountry "GER"]
[SourceTitle "CBM 162 Extra"]
[Source "ChessBase"]
[SourceDate "2014.10.17"]
[SourceVersion "1"]
[SourceVersionDate "2014.10.17"]
[SourceQuality "1"]

1. d4 d5 2. c4 c6 3. Nf3 Nf6 4. e3 Bf5 5. Nc3 e6 6. Nh4 Be4 7. f3 Bg6 8. Qb3 Qb6 9. Nxg6 hxg6 10. Bd2 Nbd7 11. cxd5 exd5 12. 0-0-0 Qxb3 13. axb3 Bd6 14. h3 0-0-0 15. Bd3 Bb4 16. Kb1 Nf8 17. Be1 Ne6 18. Bf2 Kb8 19. Bc2 Ba5 20. Na2 Bb6 21. b4 Bc7 22. Nc1 Rhe8 23. Rhe1 a6 24. Nd3 Re7 25. Rf1 Rde8 26. Ka2 Nf8 27. Ne5 N8d7 28. f4 Bd6 29. Kb3 Nb6 30. Bh4 Rc7 31. Bf2 Ng8 32. Bd3 Nf6 33. Be1 Kc8 34. b5 Nc4 35. Bxc4 Bxe5 36. Bd3 Bd6 37. bxa6 b5 38. Ra1 Kb8 39. Ba5 Rce7 40. Bd2 Ka7 41. Kc2 Ne4 42. Be1 Rb8 43. f5 g5 44. h4 g4 45. Be2 Nf6 46. Kd3 Rbe8 47. Bd2 Bg3 48. Rfc1 Ne4 49. Rxc6 Nxd2 50. Kxd2 Rxe3 51. Bxb5 Rb3 52. Bd3 Rxb2+ 53. Rc2 Bf4+ 54. Kd1 Rb3 55. Be2 Rb4 56. Ke1 Rxd4 57. Rb1 Bg3+ 58. Kf1 Rf4+ 59. Kg1 Rd4 60. Bf1 Rh8 61. Re2 Rf4 62. Rb7+ Ka8 63. Reb2 Bxh4 64. Rxf7 Bg3 65. Re2 Rh1+ 0-1

[Event "Mittelfranken-ch HT 63rd"]
[Site "Nuremberg"]
[Date "2014.04.18"]
[Round "8"]
[White "Zuehlke, Burkhard"]
[Black "Rausch, Wolfgang1111"]
[Result "1-0"]
[WhiteElo "2087"]
[BlackElo "1888"]
[PlyCount "63"]
[EventDate "2014.04.15"]
[EventType "swiss"]
[EventRounds "9"]
[EventCountry "GER"]
[SourceTitle "EXT 2022"]
[Source "ChessBase"]
[SourceDate "2021.10.06"]
[SourceVersion "1"]
[SourceVersionDate "2021.10.06"]
[SourceQuality "1"]

1. d4 d5 2. c4 e6 3. Nf3 c6 4. e3 Nf6 5. Bd3 Nbd7 6. 0-0 Bd6 7. Nc3 0-0 8. e4 dxe4 9. Nxe4 Nxe4 10. Bxe4 Re8 11. Re1 Nf8 12. Qc2 Qc7 13. b3 Bd7 14. Bb2 Rad8 15. Rad1 Bc8 16. c5 Bf4 17. g3 Bh6 18. Ne5 g6 19. Nc4 Nd7 20. Nd6 Re7 21. h4 Bg7 22. Bg2 Nf6 23. Bc1 Nd5 24. a3 Rf8 25. b4 b5 26. Bg5 f6 27. Bc1 a5 28. bxa5 Qxa5 29. Qb3 Qa7 30. Re2 Rd8 31. Rde1 Bf8 32. Nxc8 1-0

[Event "Mittelfranken-ch HT 63rd"]
[Site "Nuremberg"]
[Date "2014.04.16"]
[Round "4"]
[White "Zuehlke, Burkhard"]
[Black "Surinya, Tibor"]
[Result "1/2-1/2"]
[WhiteElo "2087"]
[BlackElo "2063"]
[PlyCount "45"]
[EventDate "2014.04.15"]
[EventType "swiss"]
[EventRounds "9"]
[EventCountry "GER"]
[SourceTitle "EXT 2022"]
[Source "ChessBase"]
[SourceDate "2021.10.06"]
[SourceVersion "1"]
[SourceVersionDate "2021.10.06"]
[SourceQuality "1"]

1. d4 Nf6 2. c4 e6 3. Nc3 Bb4 4. Qc2 c5 5. dxc5 0-0 6. a3 Bxc5 7. Nf3 b6 8. Bg5 Be7 9. e4 d6 10. Rd1 Ne8 11. Bf4 a6 12. Be2 Nd7 13. 0-0 Qc7 14. Rfe1 Bb7 15. Bf1 Ne5 16. Nd2 Rc8 17. Rc1 h6 18. Bg3 Nf6 19. Qd1 Rfd8 20. h3 Nfd7 21. Qe2 Ng6 22. Bh2 Bg5 23. Rcd1 1/2-1/2